El laberinto de fortuna o las trescientas
Сохранить в:
| Главный автор: | |
|---|---|
| Формат: | |
| Язык: | испанский |
| Опубликовано: |
Madrid
Espasa-Calpe
1943
|
| Серии: | Clásicos Castellanos, 119
|
| Предметы: | |
| Метки: |
Добавить метку
Нет меток, Требуется 1-ая метка записи!
|
MARC
| LEADER | 00000nam a2200000 a 4500 | ||
|---|---|---|---|
| 001 | UCX5008 | ||
| 003 | CL-VaPUC | ||
| 008 | 920821e19430000SP |||||||||||||||||spa|d | ||
| 082 | 0 | 4 | |a 861 |b MEN |2 21 |
| 100 | |a Mena, Juan de |e autor |9 570421 | ||
| 245 | 1 | 3 | |a El laberinto de fortuna o las trescientas |
| 300 | |a 158 p | ||
| 942 | |c BK | ||
| 945 | |d 19920821 00:00:00 | ||
| 260 | |a Madrid |b Espasa-Calpe |c 1943 | ||
| 650 | 0 | |a Poesías españolas |9 265100 | |
| 583 | |a last modification |c 19920821 00:00:00 |k Rodrigo Vera | ||
| 490 | 0 | |a Clásicos Castellanos, 119 | |
| 999 | |c 225367 |d 225365 | ||
| 952 | |0 0 |1 0 |4 0 |6 861_000000000000000_MEN_1943 |7 0 |8 A |9 222831 |a FDOPOS |b FDOPOS |d 2019-11-15 |i 2915901 |o 861 MEN 1943 |p 2915901 |r 2025-01-22 |w 2019-11-15 |y BK |k MLH | ||